| 000 | 03030nam0a2200433 4500 | ||
|---|---|---|---|
| 001 | RU\NLR\BIBL_A\011337000 | ||
| 005 | 20260408082000.0 | ||
| 020 |
_aRU _b258 _9Сводный каталог листовок первых лет Советской власти (25 октября (7 ноября) 1917 - 1925) Т.1. Листовки высших органов государственной власти и управления, центральных партийных, профсоюзных, комсомольских и других организаций. Ч.1.-2 |
||
| 035 | _a(NLR Aleph) 011337000 | ||
| 090 |
_a11167802 _c11167802 |
||
| 100 | _a20170302d1920 |||y0rusy50 ca | ||
| 101 | 0 | _arus | |
| 102 | _aRU | ||
| 105 | _ay z 000zy | ||
| 135 | _acrgn 008apaba | ||
| 200 | 1 |
_aКазаки Дона, Кубани, Урала и Сибири, Терека, Астрахани, Забайкалья и Семиречья. "Польские паны с помощью французского и английского золота пошли войною на Советскую Россию ..." _e[листовка] |
|
| 210 |
_aМ. _cГос. изд. _d1920 |
||
| 215 |
_a1 с. _d48x25 |
||
| 300 | _aПодписи: Казачий отдел ВЦИК. Зам. предказотдел ВЦИК И. Киселев; секретарь Казотдела ВЦИК И. Долгачев | ||
| 325 | 1 | _aКопия доступна в Электронной библиотеке РНБ | |
| 327 | 1 | _aПризыв вступать в ряды Красной Армии | |
| 517 | 1 | _a"Польские паны с помощью французского и английского золота пошли войною на Советскую Россию ..." | |
| 540 | 1 | _aПризыв вступать в ряды Красной Армии | |
| 607 |
_aРСФСР _jЛистовки _xПолитика и управление _y1917 - 1925 _92312782 _3RU\NLR\auth\6601609564 |
||
| 686 | 0 | _aТ3(2)71-313,011 | |
| 686 | 1 | _aТ3(2)712.9-476,011 | |
| 702 | 1 |
_4720 _7ca _8rus _aКиселев _bИ. Ф. _cсотрудник органов охраны правопорядка _f1888-1938 _gИван Федорович _9171240 _3RU\NLR\AUTH\770171290 |
|
| 702 | 1 |
_4720 _7ca _8rus _aДолгачев _bИ. _cучастник революц. движения _9171287 _3RU\NLR\AUTH\770171337 |
|
| 711 | 0 | 1 |
_aРСФСР _bЦентральный исполнительный комитет _bКазачий отдел _3RU\NLR\AUTH\8810044546 _9588506 |
| 712 | 0 | 2 |
_4570 _aРабоче-Крестьянская Красная армия _c1918-1946 _3RU\NLR\AUTH\8810133633 _9763433 |
| 852 | 0 | 0 |
_aNLR _bФЛ _j13/156 |
| 942 | _cBOOK | ||
| 980 | _aNB | ||
| 981 | 2 | 1 |
_a(21) Листовки _b(21) Листовки 1920 года |